Gaming Quiz

Random Gaming Quiz

One Word Oblivion Quests Quiz Stats

 Plays Quiz not verified by Sporcle

Score 0/13 Timer 06:00
0 Plays Today
% Correct
Paranoia
42.9%
Whodunit?
35.7%
The Arena
28.6%
Spies
21.4%
Misdirection
21.4%
Paradise
17.9%
Miscarand
10.7%
The Purification
10.7%
Infiltration
10.7%
The Hist
10.7%
Ambush
10.7%
The Collector
10.7%
The Fugitives
7.1%

You're not logged in!

Compare scores with friends on all Sporcle quizzes.
OR
Log In

Show Comments

Extras

Created Oct 12, 2010SourceReportNominate
Tags:1-word, oblivion, quest

Top Quizzes Today


Score Distribution

Your Account Isn't Verified!

In order to create a playlist on Sporcle, you need to verify the email address you used during registration. Go to your Sporcle Settings to finish the process.

Report this User

Report this user for behavior that violates our Community Guidelines.

Details: